[Event "Tournoi Skype 028B"]
[Site "Skype"]
[Date "????.??.??"]
[Round "1.1"]
[White "Cengiz, Ali Ekber"]
[Black "Luna Perez Vico, Lorenzo"]
[Result "0-1"]
[WhiteElo "1098"]
[BlackElo "1458"]
[PlyCount "78"]

1. e4 c5 2. Nf3 Nc6 3. Bc4 e6 4. Nc3 a6 5. a3 d6 6. Na2 Nf6 7. d3 b5 8. Bb3 Na5
9. c4 Nxb3 10. Qxb3 bxc4 11. Qxc4 Bb7 12. Nc3 h6 13. O-O Be7 14. Qa4+ Nd7 15.
d4 O-O 16. dxc5 Nxc5 17. Qc2 Rc8 18. Be3 Nxe4 19. Rad1 Nxc3 20. bxc3 Bxf3 21.
gxf3 d5 22. c4 Rxc4 23. Qd3 Bf6 24. Rc1 Qc8 25. Kh1 Qc6 26. Rg1 Kh8 27. f4 d4+
28. Rg2 Rxc1+ 29. Bxc1 Qxc1+ 30. Rg1 Qc6+ 31. f3 Qc3 32. Rd1 Qxd3 33. Rxd3 Rc8
34. Kg1 Rc3 35. Rd2 Rxf3 36. Rf2 Rxf2 37. Kxf2 Kg8 38. Ke2 Kf8 39. Kd3 Ke7 0-1

[Event "Tournoi Skype 028B"]
[Site "Skype"]
[Date "????.??.??"]
[Round "1.2"]
[White "Escabias Perez, Miguel"]
[Black "Martinez, Danny"]
[Result "1-0"]
[WhiteElo "1441"]
[BlackElo "1090"]
[PlyCount "79"]

1. e4 c5 2. Nc3 d6 3. f4 Nf6 4. Nf3 g6 5. Bc4 Bg7 6. O-O O-O 7. d3 Bg4 8. Qe1
Nbd7 9. e5 dxe5 10. Nxe5 Nxe5 11. fxe5 Nd7 12. e6 Bxe6 13. Bxe6 fxe6 14. Qxe6+
Kh8 15. Bg5 Rc8 16. Bxe7 Rxf1+ 17. Rxf1 Qe8 18. Nd5 Rc6 19. Qf7 Qg8 20. Bh4 Ne5
21. Qxg8+ Kxg8 22. Ne7+ Kh8 23. Nxc6 Nxc6 24. c3 Ne5 25. d4 cxd4 26. cxd4 Nd7
27. Bf2 Nf6 28. b3 Nd5 29. Re1 Kg8 30. Re6 Kf8 31. Rd6 Nf6 32. d5 Ke7 33. Re6+
Kd7 34. Re1 Nxd5 35. Bxa7 b6 36. Rd1 Kc6 37. Bb8 Nc7 38. Rc1+ Kb7 39. Rxc7+
Kxb8 40. Rxg7 1-0

[Event "Tournoi Skype 028B"]
[Site "Skype"]
[Date "????.??.??"]
[Round "1.3"]
[White "Barba Cepeda, Julio Cesar"]
[Black "Morales Rubiella, Albert"]
[Result "0-1"]
[WhiteElo "1087"]
[BlackElo "1419"]
[PlyCount "90"]

1. e4 e5 2. Nf3 Nc6 3. Bc4 Bc5 4. b4 Bxb4 5. c3 Ba5 6. d4 exd4 7. e5 dxc3 8.
O-O Nge7 9. Ng5 O-O 10. Qc2 Ng6 11. Bd3 Ncxe5 12. Bxg6 Nxg6 13. Nxc3 Qf6 14.
Nge4 Qf5 15. Bd2 d5 16. Rae1 Bxc3 17. Qxc3 dxe4 18. Qxc7 Re8 19. Be3 Qd7 20.
Qc3 Qc6 21. Qb2 a6 22. Bd4 f6 23. Rc1 Qb5 24. Qc3 Be6 25. a3 Rac8 26. Qe3 Bc4
27. Rb1 Qd5 28. Rfe1 Bd3 29. Rb4 Rc4 30. Rxc4 Bxc4 31. f3 Bd3 32. fxe4 Rxe4 33.
Qf2 Rxe1+ 34. Qxe1 Qxd4+ 35. Qf2 Qxf2+ 36. Kxf2 Ne5 37. Ke3 b5 38. g4 Bg6 39.
h3 Nc4+ 40. Kd4 Nxa3 41. Kc5 Kf7 42. Kb6 b4 43. Ka5 b3 44. Kb4 b2 45. Kxa3 b1=Q
0-1

[Event "Tournoi Skype 028B"]
[Site "Skype"]
[Date "????.??.??"]
[Round "1.4"]
[White "Junqueira, Leonardo De Faria"]
[Black "Ruiz Aguilera, Juan Jesus"]
[Result "1-0"]
[WhiteElo "1408"]
[BlackElo "1083"]
[PlyCount "89"]

1. e4 e5 2. d4 exd4 3. c3 c5 4. cxd4 cxd4 5. Qxd4 Nc6 6. Qd1 d6 7. Nf3 Nf6 8.
Nc3 h6 9. Bb5 Bd7 10. O-O Be7 11. Bf4 Qc7 12. Bxc6 Bxc6 13. Nd4 Nxe4 14. Nxe4
Bxe4 15. Nb5 Qb6 16. Nxd6+ Bxd6 17. Qxd6 Qxd6 18. Bxd6 Rd8 19. Ba3 Rd2 20. Rfe1
f5 21. f3 Rd4 22. fxe4 Rxe4 23. Kf2 Rxe1 24. Rxe1+ Kf7 25. Re7+ Kg6 26. Rxb7
Ra8 27. b4 a6 28. Bb2 a5 29. b5 Rc8 30. Bxg7 Rc2+ 31. Kf3 Rxa2 32. Bf8 Rb2 33.
Rg7+ Kh5 34. Rb7 a4 35. b6 Rb3+ 36. Kf4 Kg6 37. Rg7+ Kh5 38. b7 a3 39. Bxa3
Rxa3 40. b8=Q Ra4+ 41. Kxf5 Ra5+ 42. Kf6 Ra6+ 43. Kf7 Ra2 44. g4+ Kh4 45. Qg3#
1-0

[Event "Tournoi Skype 028B"]
[Site "Skype"]
[Date "????.??.??"]
[Round "1.5"]
[White "Abdulrazzaq, Mohsen"]
[Black "Munoz Gonzalez, Martin"]
[Result "0-1"]
[WhiteElo "1080"]
[BlackElo "1406"]
[PlyCount "58"]

1. e4 c5 2. Nf3 g6 3. d4 Bg7 4. Be3 Nc6 5. Nc3 cxd4 6. Nxd4 Nf6 7. Bc4 Nxe4 8.
Nxe4 d5 9. Nxc6 bxc6 10. Bd4 e5 11. Qe2 dxc4 12. Bc5 Bf8 13. Rd1 Bd7 14. Nd6+
Bxd6 15. Bxd6 Qa5+ 16. c3 O-O-O 17. Bxe5 Rhe8 18. f4 f6 19. O-O fxe5 20. Qxc4
Qb6+ 21. Kh1 Be6 22. Rxd8+ Kxd8 23. Qd3+ Kc7 24. fxe5 Bf5 25. Qg3 Qxb2 26. e6+
Kc8 27. Qf3 Qb7 28. Re1 Rxe6 29. Rxe6 Qb1+ 0-1

[Event "Tournoi Skype 028B"]
[Site "Skype"]
[Date "????.??.??"]
[Round "1.6"]
[White "San Isidro, Josep"]
[Black "Ramirez, Luis Antonio"]
[Result "1-0"]
[WhiteElo "1406"]
[BlackElo "1075"]
[PlyCount "101"]

1. d4 c6 2. c4 d6 3. Nc3 Nf6 4. e4 g6 5. Bd3 Bg7 6. Nf3 h6 7. O-O O-O 8. h3
Nbd7 9. Be3 Nh7 10. Qd2 g5 11. h4 gxh4 12. Nxh4 Ndf6 13. Bxh6 Bxh6 14. Qxh6 Kh8
15. Rad1 Bg4 16. f3 Be6 17. e5 dxe5 18. dxe5 Qd4+ 19. Kh1 Qxe5 20. Rfe1 Qg3 21.
Nf5 Bxf5 22. Bxf5 Rg8 23. Re2 Rg5 24. Bxh7 Rh5+ 25. Qxh5 Nxh5 26. Bc2 e6 27.
Red2 Qh4+ 28. Kg1 Ng3 29. Kf2 Nh1+ 30. Ke3 Ng3 31. Rd8+ Rxd8 32. Rxd8+ Kg7 33.
Rd4 Qg5+ 34. Kf2 e5 35. Rg4 Qxg4 36. fxg4 Nh1+ 37. Kf3 f6 38. Ne4 b6 39. g3 Kg6
40. Nf2+ Kf7 41. Nxh1 Ke6 42. Ke4 b5 43. cxb5 cxb5 44. b4 a6 45. a3 Kd6 46. Nf2
Kc6 47. Nh3 Kb6 48. g5 fxg5 49. Nxg5 a5 50. Nf3 axb4 51. axb4 1-0

[Event "Tournoi Skype 028B"]
[Site "Skype"]
[Date "????.??.??"]
[Round "1.7"]
[White "Maccaferri, Massimo"]
[Black "Escudero Ocana, Francisco"]
[Result "0-1"]
[WhiteElo "1074"]
[BlackElo "1398"]
[PlyCount "40"]

1. e4 e5 2. Bc4 Nf6 3. Nc3 Bb4 4. Nd5 Nxd5 5. exd5 O-O 6. Qh5 d6 7. Nf3 g6 8.
Qh4 Qxh4 9. Nxh4 e4 10. a3 Bc5 11. d3 exd3 12. Bxd3 Re8+ 13. Be2 Nd7 14. O-O
Rxe2 15. b4 Bb6 16. c3 Ne5 17. Nf3 Nxf3+ 18. gxf3 Bh3 19. Rd1 Rxf2 20. Rd4 Rf1#
0-1

[Event "Tournoi Skype 028B"]
[Site "Skype"]
[Date "????.??.??"]
[Round "1.8"]
[White "Castillo, David"]
[Black "Gerbaux, Regis"]
[Result "1-0"]
[WhiteElo "1381"]
[BlackElo "1073"]
[PlyCount "29"]

1. d4 d5 2. c4 e6 3. e3 Nf6 4. Nf3 Nbd7 5. Be2 Bd6 6. Nc3 O-O 7. c5 Be7 8. a4
c6 9. a5 b6 10. axb6 Bb7 11. bxa7 Qc7 12. Qb3 Ne4 13. Qc2 f5 14. b4 Rxa7 15.
Rxa7 1-0

[Event "Tournoi Skype 028B"]
[Site "Skype"]
[Date "????.??.??"]
[Round "1.10"]
[White "Rivas, Jonathan"]
[Black "Clayton, Estelita"]
[Result "1-0"]
[WhiteElo "1378"]
[BlackElo "1072"]
[PlyCount "71"]

1. d4 d5 2. c4 e6 3. Nc3 Bb4 4. Bd2 Nf6 5. Nf3 Ne4 6. Nxe4 Bxd2+ 7. Nexd2 c6 8.
Qc2 f5 9. Ne5 Qe7 10. e3 Na6 11. a3 Nc7 12. Be2 O-O 13. O-O Ne8 14. b4 a5 15.
b5 c5 16. Nb3 b6 17. dxc5 bxc5 18. Bf3 Nf6 19. cxd5 exd5 20. Nc6 Qe6 21. Nxc5
Qxc6 22. bxc6 Re8 23. Qd3 g6 24. c7 Kf7 25. Bxd5+ Nxd5 26. Qxd5+ Be6 27. Nxe6
Kf6 28. f4 Rac8 29. Qe5+ Ke7 30. Ng7+ Kd7 31. Rfd1+ Kc6 32. Nxe8 Rxe8 33. Qd5+
Kxc7 34. Rdc1+ Kb6 35. Rab1+ Ka6 36. Qb7# 1-0

-1/2

[Event "Tournoi Skype 028B"]
[Site "Skype"]
[Date "????.??.??"]
[Round "1.11"]
[White "Dib, Catherine"]
[Black "Vincent, Andre"]
[Result "0-1"]
[WhiteElo "1070"]
[BlackElo "1377"]
[PlyCount "52"]

1. Nf3 Nf6 2. c4 d5 3. cxd5 Nxd5 4. g3 c6 5. Bg2 Bf5 6. d4 Nd7 7. Nbd2 N5f6 8.
O-O e6 9. a3 Bd6 10. b4 a6 11. Bb2 O-O 12. Re1 Re8 13. e4 Bg4 14. Qc2 e5 15.
Rad1 Rc8 16. h3 Bxf3 17. Nxf3 b5 18. Qd2 Qc7 19. Rc1 Nb6 20. Qc2 Nc4 21. Rb1
Nxb2 22. Qxb2 Nd7 23. Nd2 Nb6 24. Qc2 exd4 25. Nb3 Nc4 26. Bf1 Nxa3 0-1

[Event "Tournoi Skype 028B"]
[Site "Skype"]
[Date "????.??.??"]
[Round "1.12"]
[White "Loaisiga Perez, Carlos Alberto"]
[Black "Homme, Jim"]
[Result "1-0"]
[WhiteElo "1374"]
[BlackElo "1066"]
[PlyCount "87"]

1. e4 e5 2. Nf3 Nc6 3. Bc4 Nf6 4. O-O Bc5 5. c3 O-O 6. d4 exd4 7. cxd4 Bb6 8.
d5 Nb8 9. Nc3 d6 10. h3 c6 11. dxc6 Nxc6 12. Bg5 h6 13. Bf4 a6 14. Bxd6 Ne7 15.
e5 Nd7 16. Nd5 Re8 17. e6 fxe6 18. Nf4 Nf8 19. Ne5 Bc7 20. Qh5 g6 21. Nfxg6
Nexg6 22. Nxg6 Bxd6 23. Rad1 Qc7 24. Qxh6 Nh7 25. Bd3 Qg7 26. Qxg7+ Kxg7 27.
Nh4 Bd7 28. Bxh7 Kxh7 29. Rxd6 Red8 30. Rfd1 Rac8 31. Rxd7+ Rxd7 32. Rxd7+ Kh6
33. Rxb7 e5 34. Rb6+ Kg5 35. Nf3+ Kf5 36. Rxa6 e4 37. Nh2 Rc1+ 38. Nf1 Rc2 39.
b4 Rb2 40. Rb6 Rxa2 41. b5 Rb2 42. Rh6 Ke5 43. g4 Rxb5 44. Rh5+ 1-0

[Event "Tournoi Skype 028B"]
[Site "Skype"]
[Date "????.??.??"]
[Round "1.13"]
[White "Latterra, Jeremias"]
[Black "Figueiredo, Oneide De Souza"]
[Result "0-1"]
[WhiteElo "1065"]
[BlackElo "1372"]
[PlyCount "72"]

1. e4 e5 2. Bc4 d6 3. Nf3 Be7 4. O-O h6 5. Nc3 Nf6 6. Bb5+ Bd7 7. Bxd7+ Nbxd7
8. Nd5 c6 9. Nxe7 Qxe7 10. c4 Nxe4 11. d3 Nef6 12. Re1 O-O 13. a4 b6 14. b4 a5
15. c5 bxc5 16. bxc5 Nxc5 17. d4 Ncd7 18. Qb3 Rfe8 19. Nd2 e4 20. Qg3 c5 21.
Nb3 c4 22. Bxh6 g6 23. f4 cxb3 24. f5 Nf8 25. fxg6 Nxg6 26. Bg5 Qe6 27. d5 Nxd5
28. Rac1 b2 29. Rc6 Qe5 30. Qxe5 dxe5 31. Rf6 Nc3 32. Bc1 b1=Q 33. Ref1 Ne2+
34. Kf2 Qc2 35. Ke3 Nxc1 36. Rxf7 Qd3+ 0-1

[Event "Tournoi Skype 028B"]
[Site "Skype"]
[Date "????.??.??"]
[Round "1.14"]
[White "Scata, Laura"]
[Black "Tolaro, Filippa"]
[Result "1-0"]
[WhiteElo "1366"]
[BlackElo "1065"]
[PlyCount "103"]

1. Nf3 d5 2. d4 Nf6 3. Bf4 Bf5 4. h3 h6 5. e3 e6 6. Bd3 Bxd3 7. Qxd3 Bd6 8.
Qb5+ Nbd7 9. Bxd6 cxd6 10. Nbd2 Rb8 11. c4 O-O 12. cxd5 a6 13. Qb3 exd5 14. O-O
Re8 15. Rac1 Nb6 16. Rc2 Ne4 17. Rfc1 Nxd2 18. Nxd2 Rc8 19. Rxc8 Nxc8 20. Qxb7
Ne7 21. Qxa6 Kf8 22. Qb7 g5 23. Qc7 Nc8 24. Qxd8 Rxd8 25. Rc7 Ne7 26. a4 Re8
27. Kf1 f5 28. Ke2 Ng6 29. g3 f4 30. Rc6 fxg3 31. fxg3 Re6 32. a5 Ne7 33. Rc7
Nf5 34. Nf1 Nxd4+ 35. Kd3 Nb5 36. Rb7 Nd4 37. Kxd4 Re5 38. a6 Re8 39. a7 h5 40.
Rb8 Kf7 41. Rxe8 Kxe8 42. a8=Q+ Kf7 43. Kxd5 Kf6 44. Qd8+ Kf5 45. Qf8+ Kg6 46.
Qxd6+ Kf7 47. Ke5 Kg7 48. Qf6+ Kh7 49. Qxg5 Kh8 50. Kf6 h4 51. g4 Kh7 52. Qg7#
1-0

[Event "Tournoi Skype 028B"]
[Site "Skype"]
[Date "????.??.??"]
[Round "1.15"]
[White "Berbedes, Jorgelina"]
[Black "Cabrera Sosa, Marco Vinicio"]
[Result "0-1"]
[WhiteElo "1061"]
[BlackElo "1364"]
[PlyCount "60"]

1. d4 e6 2. Nf3 Nf6 3. Bf4 d5 4. Nc3 Bd6 5. Bg3 h6 6. e3 b6 7. Bd3 c5 8. dxc5
bxc5 9. O-O a6 10. a3 c4 11. Be2 Nh5 12. Bxd6 Qxd6 13. Rb1 g6 14. Re1 Bb7 15.
b4 Qc7 16. Qd4 O-O 17. b5 Nd7 18. a4 Ng7 19. b6 Qd6 20. Nh4 e5 21. Qg4 Nxb6 22.
Rb2 Bc8 23. Qg3 g5 24. Nf3 Nd7 25. Rd1 Qa3 26. Rbb1 Qxc3 27. Rxd5 f6 28. Rc1
Nb6 29. Rc5 Nh5 30. Bxc4+ Nxc4 0-1

[Event "Tournoi Skype 028B"]
[Site "Skype"]
[Date "????.??.??"]
[Round "1.16"]
[White "Alarcon Alarcon, Florentina"]
[Black "Barrionuevo, Hilario"]
[Result "1-0"]
[WhiteElo "1363"]
[BlackElo "1058"]
[PlyCount "93"]

1. e4 e5 2. Nf3 Nc6 3. Bb5 Nd4 4. Ba4 a6 5. c3 Ne6 6. d3 b5 7. Bb3 Nc5 8. Bc2
Nf6 9. O-O d6 10. h3 Be7 11. Re1 h6 12. d4 Ne6 13. dxe5 Nh5 14. exd6 cxd6 15.
Qd5 Ra7 16. Qxh5 g6 17. Qd5 Bb7 18. Qd1 Ba8 19. Nd4 Ng7 20. Be3 Bh4 21. Nf3 g5
22. Nxh4 gxh4 23. Bxa7 Qd7 24. Bd4 Rg8 25. Qg4 f6 26. Qg6+ Kd8 27. Qxf6+ Kc8
28. Qxh4 Qe8 29. Qg4+ Ne6 30. Qe2 Nf4 31. Qf3 Rxg2+ 32. Kf1 Qg8 33. Qxf4 Rg1+
34. Ke2 Qc4+ 35. Kd2 Rg8 36. Na3 Qc7 37. Bb3 Re8 38. Rac1 Bc6 39. Qf5+ Bd7 40.
Qf4 Bxh3 41. e5 d5 42. Bxd5 h5 43. Qf7 Bd7 44. e6 Bxe6 45. Qxc7+ Kxc7 46. Rxe6
Rh8 47. Bxh8 1-0

[Event "Tournoi Skype 028B"]
[Site "Skype"]
[Date "????.??.??"]
[Round "1.17"]
[White "Schuh, David"]
[Black "Lopes, Marcia Maria"]
[Result "0-1"]
[WhiteElo "1057"]
[BlackElo "1363"]
[PlyCount "76"]

1. e4 c5 2. Nf3 Nc6 3. d3 g6 4. c4 Bg7 5. Nc3 d6 6. Bg5 Bd7 7. g3 Qa5 8. Bg2
Nd4 9. O-O b5 10. Nxd4 cxd4 11. Nd5 Rc8 12. b3 e6 13. Nf4 Nf6 14. Re1 O-O 15.
Qc2 e5 16. Nd5 Nxd5 17. exd5 Rfe8 18. Bd2 Qb6 19. Rab1 a6 20. a4 Qc7 21. Rec1
Bf5 22. Be4 Bh3 23. axb5 axb5 24. Qa2 Qd7 25. cxb5 Qxb5 26. Rxc8 Rxc8 27. Rc1
Rxc1+ 28. Bxc1 f5 29. Bg2 Bxg2 30. Kxg2 Qxd5+ 31. f3 e4 32. dxe4 fxe4 33. fxe4
Qxe4+ 34. Kf2 d3 35. h4 Bd4+ 36. Kf1 Qf3+ 37. Ke1 Bc3+ 38. Bd2 Qe2# 0-1

[Event "Tournoi Skype 028B"]
[Site "Skype"]
[Date "????.??.??"]
[Round "1.18"]
[White "Contreras, Leidy Tatiana"]
[Black "Torres, Vicky"]
[Result "1-0"]
[WhiteElo "1355"]
[BlackElo "1055"]
[PlyCount "85"]

1. e4 e5 2. Nf3 Nc6 3. c3 Bc5 4. d4 exd4 5. cxd4 Bb4+ 6. Nc3 d5 7. a3 Bxa3 8.
Rxa3 dxe4 9. Nxe4 Bf5 10. Re3 Nce7 11. Bd3 c6 12. O-O Bg6 13. Rfe1 Qc7 14. b3
O-O-O 15. Nc5 Bxd3 16. Nxd3 Nd5 17. Re8 Ndf6 18. Rxd8+ Qxd8 19. Ng5 Nh6 20. Ne5
Qc7 21. Qf3 Rf8 22. Qh3+ Kb8 23. Bf4 Ka8 24. Nd3 Qd8 25. Qe3 Nd5 26. Qe5 f6 27.
Qd6 fxg5 28. Qxd8+ Rxd8 29. Bxg5 Rf8 30. h3 Nf5 31. Nf4 h6 32. Ng6 Rc8 33. Bf4
Nxd4 34. Ne7 Nxe7 35. Rxe7 g5 36. Be5 Nxb3 37. Bc7 Nd4 38. f4 Nf5 39. Rf7 Ne3
40. Kf2 Nd5 41. Be5 Re8 42. f5 Rxe5 43. Rf8+ 1-0

[Event "Tournoi Skype 028B"]
[Site "Skype"]
[Date "????.??.??"]
[Round "1.19"]
[White "Gagnon, Sindy"]
[Black "Amato, Ludovica"]
[Result "0-1"]
[WhiteElo "1043"]
[BlackElo "1346"]
[PlyCount "28"]

1. e4 e5 2. Nc3 Nf6 3. Nf3 Bb4 4. Nxe5 Qe7 5. d4 d6 6. Bc4 dxe5 7. dxe5 Bxc3+
8. bxc3 Qxe5 9. O-O Nxe4 10. Re1 O-O 11. Ba3 Re8 12. Qd2 Nxd2 13. Re2 Nxc4 14.
Rd1 Qxe2 0-1

[Event "Tournoi Skype 028B"]
[Site "Skype"]
[Date "????.??.??"]
[Round "1.21"]
[White "Santamaria Garcia, Jesus"]
[Black "Bucherie, Volcy"]
[Result "1/2-1/2"]
[WhiteElo "1022"]
[BlackElo "1336"]
[PlyCount "42"]

1. e4 d5 2. exd5 Qxd5 3. Nc3 Qd8 4. Nf3 Nf6 5. Bc4 e6 6. d3 Nc6 7. a3 Bc5 8.
O-O O-O 9. Re1 Re8 10. Be3 Qd6 11. d4 Bb6 12. Na4 Ba5 13. b4 Nxb4 14. axb4 Bxb4
15. Bd2 Bd7 16. c3 Ba3 17. Bc1 b5 18. Bxa3 Qf4 19. Bc1 Qd6 20. Ba3 Qf4 21. Bc1
Qd6 1/2-1/2

[Event "Tournoi Skype 028B"]
[Site "Skype"]
[Date "????.??.??"]
[Round "1.22"]
[White "Loaisiga, Jose Manuel"]
[Black "Hernandez, Enrique"]
[Result "1-0"]
[WhiteElo "1336"]
[BlackElo "1009"]
[PlyCount "71"]

1. c4 d5 2. cxd5 Qxd5 3. Nc3 Qd8 4. d4 Nf6 5. e4 Nc6 6. Bb5 a6 7. Bxc6+ bxc6 8.
e5 Bg4 9. f3 Nd5 10. fxg4 Nxc3 11. bxc3 e6 12. Nf3 c5 13. Bg5 Be7 14. Qa4+ Qd7
15. Qxd7+ Kxd7 16. Rb1 cxd4 17. cxd4 h6 18. Bxe7 Kxe7 19. O-O Rab8 20. g5 Rxb1
21. Rxb1 hxg5 22. Nxg5 f6 23. Nf3 f5 24. Rb7 Rc8 25. Ra7 Kd8 26. Rxa6 c5 27. a4
cxd4 28. Rd6+ Ke7 29. a5 Rc1+ 30. Kf2 Rc2+ 31. Kf1 Ra2 32. a6 d3 33. g3 d2 34.
Nxd2 Rxd2 35. Rxd2 f4 36. gxf4 1-0

[Event "Tournoi Skype 028B"]
[Site "Skype"]
[Date "????.??.??"]
[Round "1.23"]
[White "Neculman, Mario"]
[Black "Frances, Carlos Alberto"]
[Result "0-1"]
[WhiteElo "1006"]
[BlackElo "1324"]
[PlyCount "80"]

1. e4 c5 2. Nf3 e6 3. d4 cxd4 4. Nxd4 a6 5. Nc3 Nc6 6. Be3 b5 7. Nxc6 dxc6 8.
Qxd8+ Kxd8 9. O-O-O+ Ke8 10. Bb6 Be7 11. e5 Bd7 12. Ne4 Bd8 13. Nd6+ Kf8 14.
Bc5 Ne7 15. Be2 Ng6 16. Nf5+ Kg8 17. Rxd7 exf5 18. e6 fxe6 19. h4 Nf8 20. Bxf8
Kxf8 21. h5 Bg5+ 22. Kb1 Rd8 23. Rxd8+ Bxd8 24. Rd1 Ke7 25. Bf3 c5 26. Bc6 Kf6
27. Bd7 Bc7 28. Bc6 Rd8 29. Re1 e5 30. Bb7 a5 31. b3 Rd2 32. Bf3 e4 33. Be2 Ke5
34. Bxb5 Rxf2 35. Rd1 Rxg2 36. Rd7 Bd6 37. Rd8 e3 38. Re8+ Kf4 39. Rd8 Be5 40.
Rd5 Rg1+ 0-1

[Event "Tournoi Skype 028B"]
[Site "Skype"]
[Date "????.??.??"]
[Round "1.24"]
[White "Sanchez Padilla, Armando Edilber"]
[Black "Almendares, Maximo"]
[Result "1-0"]
[WhiteElo "1323"]
[BlackElo "1000"]
[PlyCount "55"]

1. e4 e5 2. Nf3 Nc6 3. Bb5 Nf6 4. d3 a6 5. Bxc6 dxc6 6. Nxe5 Bb4+ 7. c3 Ba5 8.
O-O h5 9. b4 Bb6 10. Bg5 Qd5 11. exd5 cxd5 12. c4 Bd4 13. cxd5 Bxa1 14. d4 Nxd5
15. Re1 Be6 16. Qf3 f6 17. Ng6 O-O-O 18. Nxh8 fxg5 19. Rxe6 Rxh8 20. Qxd5 Rd8
21. Qxg5 Bxd4 22. Qf5 Kb8 23. Qxh5 Rf8 24. Re8+ Rxe8 25. Qxe8+ Ka7 26. Nd2 b5
27. Ne4 Kb7 28. Qd7 1-0

[Event "Tournoi Skype 028B"]
[Site "Skype"]
[Date "????.??.??"]
[Round "1.25"]
[White "Arias, Iliak"]
[Black "Luunge, Abdi"]
[Result "1-0"]
[WhiteElo "1000"]
[BlackElo "1320"]
[PlyCount "115"]

1. e4 e5 2. Nf3 d6 3. Bc4 Nf6 4. h3 Nxe4 5. d3 Nf6 6. Ng5 d5 7. Bb3 h6 8. Nxf7
Kxf7 9. O-O c6 10. c3 Bd6 11. Nd2 Bc7 12. Re1 Qd6 13. Nf1 Nbd7 14. Re3 Rf8 15.
Rg3 Nh5 16. Qxh5+ Kg8 17. Rg6 Nf6 18. Qxh6 Rf7 19. Bg5 Bd8 20. Ng3 Qc7 21. Nh5
Nxh5 22. Qxh5 Bf5 23. Bxd8 Rxd8 24. Rg5 Qd7 25. Re1 Re8 26. Re3 Kf8 27. Reg3 g6
28. Qh8+ Ke7 29. Qxe5+ Kd8 30. Qd4 b6 31. c4 c5 32. Qf4 Qc7 33. Qxc7+ Rxc7 34.
cxd5 Rd7 35. d6 Rxd6 36. Bf7 Re1+ 37. Kh2 Bxd3 38. Bxg6 Bxg6 39. Rxg6 Rxg6 40.
Rxg6 Re2 41. f4 Rxb2 42. f5 Ke8 43. a4 c4 44. Re6+ Kf7 45. h4 c3 46. Rc6 c2 47.
h5 Ke7 48. h6 Kd7 49. Rc3 Rb4 50. g3 Rb2 51. Kh3 Rb1 52. Rxc2 Rh1+ 53. Rh2 Rf1
54. g4 Ra1 55. h7 Rxa4 56. h8=Q a5 57. Rd2+ Kc6 58. Qe8+ 1-0

[Event "Tournoi Skype 028B"]
[Site "Skype"]
[Date "????.??.??"]
[Round "1.27"]
[White "Bland, Marylin"]
[Black "Mhabdi, Mahesh"]
[Result "0-1"]
[WhiteElo "1000"]
[BlackElo "1312"]
[PlyCount "60"]

1. d4 Nf6 2. Nf3 d5 3. Bf4 Bf5 4. e3 e6 5. Nbd2 a6 6. Be2 Nc6 7. O-O Be7 8. a3
h6 9. c3 Bd6 10. Bxd6 Qxd6 11. c4 b5 12. b3 Rb8 13. Qc1 Ne4 14. Nxe4 dxe4 15.
Ne5 Nxe5 16. dxe5 Qxe5 17. cxb5 axb5 18. a4 b4 19. Qc6+ Ke7 20. Bb5 Rhd8 21.
Rad1 Rb6 22. Qc4 Bg4 23. Qxb4+ c5 24. Qa5 Rxd1 25. Qxb6 Rxf1+ 26. Bxf1 Qc3 27.
Qc7+ Kf6 28. Qf4+ Bf5 29. g4 g5 30. Qg3 Bg6 0-1

[Event "Tournoi Skype 028B"]
[Site "Skype"]
[Date "????.??.??"]
[Round "1.28"]
[White "Codina, Teresa"]
[Black "Campos Silva, Lucas"]
[Result "0-1"]
[WhiteElo "1310"]
[BlackElo "1000"]
[PlyCount "54"]

1. d4 d5 2. Nf3 e6 3. Bf4 h6 4. c4 Nf6 5. Nc3 c6 6. cxd5 exd5 7. e3 Bb4 8. Bd3
O-O 9. O-O Bg4 10. h3 Be6 11. Qc2 Nbd7 12. Rfe1 Re8 13. a3 Ba5 14. Re2 Re7 15.
e4 dxe4 16. Nxe4 Nh5 17. Bd6 Bc7 18. Bxe7 Qxe7 19. Rae1 Nf4 20. Rd2 Nf6 21.
Nxf6+ Qxf6 22. Bf1 Bd5 23. Qd1 Bxf3 24. Qxf3 Qd6 25. Re4 Ne2+ 26. Bxe2 Qh2+ 27.
Kf1 Qh1# 0-1

[Event "Tournoi Skype 028B"]
[Site "Skype"]
[Date "????.??.??"]
[Round "1.29"]
[White "Chamorro Cajina, Ivan Antonio"]
[Black "Telles, Rigoberto"]
[Result "0-1"]
[WhiteElo "1000"]
[BlackElo "1307"]
[PlyCount "20"]

1. d4 e5 2. dxe5 Nc6 3. Nf3 Qe7 4. Bf4 Qb4+ 5. Nbd2 Qxf4 6. e3 Qb4 7. Bc4 Qe7
8. O-O Nxe5 9. Nxe5 Qxe5 10. Qh5 Qxh5 0-1

[Event "Tournoi Skype 028B"]
[Site "Skype"]
[Date "????.??.??"]
[Round "1.31"]
[White "Crocioni, Luca"]
[Black "De Nobrega, George"]
[Result "1/2-1/2"]
[WhiteElo "1000"]
[BlackElo "1295"]
[PlyCount "97"]

1. e4 e5 2. Nf3 Nc6 3. Bc4 h6 4. Nc3 Nf6 5. a3 a6 6. Bb3 Bc5 7. O-O O-O 8. d3
d6 9. Qe1 Nd4 10. Nxd4 Bxd4 11. Be3 Bxe3 12. Qxe3 Qe7 13. Qg3 Be6 14. Bxe6 Qxe6
15. Ne2 d5 16. f4 exf4 17. Qxf4 dxe4 18. Nd4 Qb6 19. Qe5 exd3 20. cxd3 Rae8 21.
Qf4 c5 22. Nf5 c4+ 23. d4 Qxb2 24. Qg3 g6 25. Kh1 Kh7 26. Nd6 Ne4 27. Qf4 Nxd6
28. Qxd6 Rd8 29. Qc5 Qxd4 30. Qc7 Rd7 31. Qg3 Qd3 32. Qf4 c3 33. Rac1 c2 34.
Qf2 Qd2 35. Rxc2 Qxf2 36. Rcxf2 Rd3 37. Ra2 Kg7 38. a4 Rfd8 39. h3 Rd1 40. Kg1
Rxf1+ 41. Kxf1 Rd1+ 42. Kf2 Rb1 43. Ke2 b5 44. axb5 axb5 45. Kf3 b4 46. Ra7 b3
47. Rb7 b2 48. Kg3 Rg1 49. Rxb2 1/2-1/2

[Event "Tournoi Skype 028B"]
[Site "Skype"]
[Date "????.??.??"]
[Round "1.32"]
[White "Yepes Bermudez, Maribel"]
[Black "Da Silva, Luis Carlos"]
[Result "1-0"]
[WhiteElo "1287"]
[BlackElo "1000"]
[PlyCount "53"]

1. e4 d6 2. d4 g6 3. Nf3 Nf6 4. Nc3 Bg7 5. h3 O-O 6. Bc4 b6 7. e5 Nfd7 8. e6
fxe6 9. Bxe6+ Kh8 10. Ng5 Nf6 11. Nf7+ Rxf7 12. Bxf7 e6 13. O-O Qf8 14. Bxg6
hxg6 15. Ne2 Bh6 16. Qd3 Bxc1 17. Raxc1 Qh6 18. Rfe1 Ba6 19. c4 Bb7 20. Nc3
Nbd7 21. Rcd1 Ne8 22. Rxe6 Ng7 23. Rxg6 Qh7 24. d5 Nf8 25. Rf6 Qxd3 26. Rxd3
Nh5 27. Rh6+ 1-0

[Event "Tournoi Skype 028B"]
[Site "Skype"]
[Date "????.??.??"]
[Round "1.33"]
[White "Delgado, Bryan"]
[Black "Vervoort, Jean-Louis"]
[Result "1-0"]
[WhiteElo "1000"]
[BlackElo "1273"]
[PlyCount "65"]

1. d4 d5 2. Nc3 Nf6 3. f3 Bf5 4. Bg5 e5 5. e3 Bb4 6. Qd2 O-O 7. O-O-O Nc6 8.
Bxf6 Qxf6 9. Nge2 exd4 10. Nxd4 Rad8 11. Bb5 Nxd4 12. Qxd4 Bxc3 13. Qxc3 Qxc3
14. bxc3 c6 15. g4 Be6 16. Bd3 c5 17. Rhg1 d4 18. cxd4 cxd4 19. e4 Bxa2 20. e5
Rc8 21. Rd2 Rc3 22. Kb2 Bd5 23. f4 Rfc8 24. f5 Kh8 25. Rg3 R8c5 26. g5 Ra5 27.
Rh3 Ra2+ 28. Kb1 Kg8 29. Be4 Bc4 30. Rxd4 Kf8 31. f6 gxf6 32. gxf6 Raxc2 33.
Rd8# 1-0

[Event "Tournoi Skype 028B"]
[Site "Skype"]
[Date "????.??.??"]
[Round "1.34"]
[White "Khatanhar, Mohit"]
[Black "Duenas Luna, Carlos Eduardo"]
[Result "1-0"]
[WhiteElo "1266"]
[BlackElo "1000"]
[PlyCount "47"]

1. d4 d5 2. h3 Nc6 3. Bf4 e6 4. Nf3 Bd6 5. Bxd6 Qxd6 6. e3 e5 7. Nxe5 Nxe5 8.
dxe5 Qxe5 9. c3 Nf6 10. Bb5+ c6 11. Bd3 a6 12. Nd2 Bf5 13. Bxf5 Qxf5 14. O-O
Ne4 15. Qe2 Qg6 16. Nxe4 Qxe4 17. Rad1 O-O 18. Rd4 Qe5 19. Rfd1 Rad8 20. e4
Rfe8 21. Qd3 h6 22. f3 f5 23. exf5 Qxf5 24. Qxf5 1-0

[Event "Tournoi Skype 028B"]
[Site "Skype"]
[Date "????.??.??"]
[Round "1.35"]
[White "Ferreira Da Costa, Josafa"]
[Black "Rodriguez, Nathalie"]
[Result "0-1"]
[WhiteElo "1000"]
[BlackElo "1266"]
[PlyCount "62"]

1. e4 e5 2. Nf3 Nc6 3. d4 exd4 4. Nxd4 Nf6 5. Nc3 a6 6. Be3 Be7 7. f3 d6 8. Qd2
h6 9. O-O-O Bd7 10. a3 Nxd4 11. Bxd4 c5 12. Bd3 cxd4 13. Ne2 Qb6 14. g4 d5 15.
e5 Nh7 16. h4 f6 17. Qf4 Bb5 18. Qg3 Rc8 19. Nf4 Bxd3 20. Rxd3 fxe5 21. Nxd5
Qc6 22. c3 Qxd5 23. c4 Qxc4+ 24. Kd2 Qc2+ 25. Ke1 Qxd3 26. Qxe5 Rc1+ 27. Kf2
Rxh1 28. Kg3 Rf8 29. Qe4 Qf1 30. g5 Rg1+ 31. Kh2 Qg2# 0-1